Cities with largest foreign-born populations - Statistics

General Stats
  • This quiz has been taken 27 times
  • The average score is 11 of 15
Answer Stats
Foreign-born City Main Sources % Correct
5.6 Million London India, Poland, Bangladesh
96%
5.5 Million Los Angeles Mexico, Philippines, El Salvador
92%
5.8 Million New York City China, India, Bangladesh
92%
3 Million Paris Algeria, Portugal, Morocco
92%
1.2 Million Berlin Türkiye, Russia, Poland
79%
1.3 Million Singapore Malaysia, China, India
75%
1.6 Million Chicago Mexico, India, Poland
71%
1.9 Million Miami Cuba, Haiti, Colombia
71%
2.6 Million San Francisco Mexico, China, Philippines
71%
3.2 Million Toronto India, China, Philippines
67%
1.2 Million Vancouver China, India, South Korea
63%
2.7 Million Hong Kong Indonesia, Philippines, Thailand
58%
1.8 Million Melbourne India, China, Vietnam
58%
2 Million Sydney China, UK, India
58%
1.4 Million Brussels France, Romania, Morocco
38%
No matching quizzes found
Score Distribution
Percent of People with Each Score
Percentile by Number Answered
Your Score History
You have not taken this quiz